00458 a2200157 4500001000700000040003500007100001900042240003300061245002800094362000900122440000900131697002400140942000700164952011000171999001900281153737 cEscola São Tomás de Aquino aGIANNI Rodari 10aZero, pra que te quero?lpor10aZero, pra que te quero?0 a2014 1aFTD  a*LITERATURA INFANTO cBK 00104070a12.22b12.22d2024-04-30l0o028.52 GIA ZERpEST00007795r2024-04-30 22:11:25w2024-04-30yBK c153737d153737